| 000 | 00858nam a2200253 i 4500 | ||
|---|---|---|---|
| 001 | 113359 | ||
| 003 | ES-MaACL | ||
| 005 | 20230906185847.0 | ||
| 007 | t| | ||
| 008 | 061121s1977 ag |||| | spa d | ||
| 020 | _a84-610-1010-8. 84-610-1904-0 y 1905-9 | ||
| 080 | _a301.19(091)(04) | ||
| 100 | 1 |
_aNisbet, Robert A. _985766 |
|
| 245 | 1 | 3 |
_aLa formalización del pensamiento sociológico / _cRobert A. Nisbet ; traducción de Enrique Molina de Vedia ; revisión técnica Carlos Flood. |
| 260 |
_aBuenos Aires : _bAmorrortu, _c1977. |
||
| 300 |
_a2 v. ; _c19 cm. |
||
| 490 | 1 | _aBiblioteca de sociología | |
| 650 | 4 |
_aSociología- _vHistoria. _917200 |
|
| 700 | 1 |
_aMolina de Vedia, Enrique. _981927 |
|
| 700 | 1 |
_aFlood, Carlos. _951230 |
|
| 830 | 0 |
_aBiblioteca de sociología _9179787 |
|
| 852 |
_aES-MaACL _jL-8460-61 |
||
| 999 |
_c113359 _d113359 |
||